000 00413cam a2200169 4500
001 D13854
008 090401t1964 xxu||||| |||| 00| 0 eng d
035 _a(Sirsi) u12055
041 _aeng
100 _aSedgwick, J. R. E.
245 4 _aThe valuation and development of petrol filling stations
260 _bEstates Gazette
_c1964
350 _a0
520 _aShelf 134
942 _n0
948 _c04/03/1997
999 _c86944
_d86944